Music Quiz

Random Music or Song Quiz

100 most played Dave Matthews Band songs Quiz Stats

 Plays Quiz not verified by Sporcle

Challenge
Share
Tweet
Embed
Score 0/100 Timer 15:00
0 Plays Today
Number of times played Song % Correct
886Ants Marching
94.8%
493Crash Into Me
90.3%
674Two Step
82.2%
314Crush
81.4%
417#41
80.4%
764Tripping Billies
76%
600Warehouse
74.5%
232Everyday
74.2%
725Jimi Thing
74%
544All Along The Watchtower
73.8%
342Grey Street
73.2%
591Satellite
71.8%
387Don't Drink the Water
71.6%
586Dancing Nancies
71.4%
590Too Much
70.6%
352Rapunzel
67.5%
124Halloween
67.2%
80Funny The Way It Is
66.8%
525So Much to Say
66.3%
208Bartender
66.3%
460What Would You Say
65.8%
521Lie in Our Graves
62.2%
97American Baby
61.3%
46You and Me
61.2%
142Pig
60.3%
54Shake Me Like A Monkey
59.8%
78Why I Am
59.3%
123Proudest Monkey
59.3%
79The Space Between
58.2%
315The Best of What's Around
58.1%
210Where Are You Going
57.2%
208The Stone
56.6%
47Big Eyed Fish
56%
79The Dreaming Tree
55.2%
Number of times played Song % Correct
170#36
55.1%
89The Last Stop
54.3%
134Cornbread
54%
84Grave Digger
53.6%
493One Sweet World
53.5%
180Grace is Gone
53.5%
297Say Goodbye
53%
51Seven
51.6%
351Pantala Naga Pampa
51.5%
347Granny
51.4%
109Dreamgirl
51.2%
339The Song That Jane Likes
50.6%
481Rhyme and Reason
50%
375Seek Up
49.8%
326Typical Situation
49.7%
190Lover Lay Down
49.5%
270Stay (Wasting Time)
49.4%
434Recently
49.2%
57#40
48.7%
295Drive In, Drive Out
48.4%
210When The World Ends
47.5%
62Spaceman
47.5%
177Louisiana Bayou
47.4%
114I Did It
47.2%
94Christmas Song
44.2%
164You Might Die Trying
43.8%
52Raven
43.8%
249Minarets
43.2%
47Alligator Pie
41.8%
104JTR
41.4%
124What You Are
41%
78So Damn Lucky
41%
62So Right
40.8%
111Cry Freedom
40.2%
Number of times played Song % Correct
49#27
39.1%
151Pay For What You Get
38.6%
70You Never Know
38.3%
78Digging a Ditch
37.5%
80Sister
37.4%
415Anyone Seen The Bridge
36.4%
99I'll Back You Up
36.4%
76Hello Again
33.8%
83The Maker
33.6%
130Hunger For The Great Light
32.7%
57Eh Hee
32.7%
92Fool To Think
31.8%
75The Idea of You
30.6%
91If I Had It All
29.9%
55Smooth Rider
29%
59Joyride
26.9%
77Long Black Veil
24.1%
46Sleep To Dream Her
24%
207Help Myself
23.5%
56Sugar Will
22.4%
43Crazy Easy
21.3%
269True Reflections
20.9%
43Burning Down The House
19.9%
57Blue Water
19%
69Loving Wings
18.9%
52Stand Up (For It)
18.2%
56Old Dirt Hill (Bring That Beat Back)
16.5%
85Angel From Montgomery
13%
59Water Into Wine
12.7%
185Stefan Solo
10.2%
84Improv Jam
8.6%
89Heartbreak Intro
6.3%

You're not logged in!

Compare scores with friends on all Sporcle quizzes.
Join for Free
OR
Log In

You Might Also Like...

Show Comments

Extras

Top Quizzes Today


Score Distribution

Your Account Isn't Verified!

In order to create a playlist on Sporcle, you need to verify the email address you used during registration. Go to your Sporcle Settings to finish the process.

Report this User

Report this user for behavior that violates our Community Guidelines.

Details: